000 00751nam a2200253Ia 4500
003 OSt
005 20220925212423.0
006 a|||||r|||| 00| 0
007 ta
008 220923b |||||||| |||| 00| 0 eng d
037 _cGeneral Book
040 _aRTL
_cRTL
_beng
041 _2eng
_aeng
082 _aX, L0
100 _aSachs Lgnacy Ed.
_9276768
245 0 _aMain trends in economics
260 _aLondon
_bAllen & Unwin
_c1970
300 _a79p
_ccm.
490 _aMain trendsin the social sciesnces 3
500 _aforming chapter 4 of Unesco : Main trends of research in the social and human science Pt I
650 _aEconomic Theory
942 _hX, L0
_cGB
_2CC
999 _c560283
_d560283